Real-Time Systems and their Programming Languages / International Computer Science Series (Record no. 1120)
[ view plain ]
| 000 -LEADER | |
|---|---|
| fixed length control field | 01270cam a22002054a 4500 |
| 005 - ΗΜΕΡΟΜΗΝΙΑ ΚΑΙ ΩΡΑ ΤΕΛΕΥΤΑΙΑΣ ΕΝΗΜΕΡΩΣΗΣ | |
| Πεδίο ελέγχου | 20250605163958.0 |
| 008 - FIXED-LENGTH DATA ELEMENTS--GENERAL INFORMATION | |
| Πεδίο ελέγχου σταθερού μήκους | 250528s ||||||||||||||||||||||||d |
| 035 ## - SYSTEM CONTROL NUMBER | |
| System control number | 15546 |
| 020 ## - ISBN | |
| ISBN | 201175290 |
| 040 ## - ΠΗΓΗ ΚΑΤΑΛΟΓΟΓΡΑΦΗΣΗΣ | |
| Φορέας πρωτότυπης καταλογογράφησης | MC Athens Campus Library |
| Γλώσσα καταλογογράφησης | Ελληνικά, Μοντέρνα (1453-) |
| Modifying agency | MC Athens Campus Library |
| Κανόνες περιγραφικής καταλογογράφησης | AACR2 |
| 245 1# - ΤΙΤΛΟΣ ΚΑΙ ΔΗΛΩΣΗ ΥΠΕΥΘΥΝΟΤΗΤΑΣ | |
| Τίτλος | Real-Time Systems and their Programming Languages / International Computer Science Series |
| 260 ## - PUBLICATION, DISTRIBUTION, ETC. | |
| Name of publisher, distributor, etc. | Addison-Wesley Publishing Company, |
| Date of publication, distribution, etc. | 1990 |
| 300 ## - PHYSICAL DESCRIPTION | |
| Extent | 578 |
| 520 ## - SUMMARY, ETC. | |
| Summary, etc. | This book provides an in-depth survey of real-time systems and the programming languages used in their development. Preface, Introduction to Real-Time Machines, Designing Real-Time Machines, Programming in the Small, Programming in the Large, Reliability and Fault Tolerance, Exceptions and Exception Handling, Concurrent Programming, Shared Memory-based Synchronization and Communication, Shared-Memory Based Synchronization and Communication, Message-Based Synchronization and Communication, Atomic Actions and Concurrent Processes and Reliability, Resource Control, Real-Time Facilities, Distributed Systems, Low-Level Programming, Efficiency of Implementation, A Case Study in Ada, Conclusions, Index. |
| 700 1# - ΠΡΟΣΘΕΤΗ ΑΝΑΓΡΑΦΗ--ΦΥΣΙΚΟ ΠΡΟΣΩΠΟ | |
| Personal name | Burns Alan |
| 9 (RLIN) | 1501 |
| 700 1# - ΠΡΟΣΘΕΤΗ ΑΝΑΓΡΑΦΗ--ΦΥΣΙΚΟ ΠΡΟΣΩΠΟ | |
| Personal name | Wellings Andy |
| 9 (RLIN) | 1502 |
| 942 ## - ADDED ENTRY ELEMENTS (KOHA) | |
| Koha item type | Books |
| Τύπος τεκμηρίου | Βιβλιοθήκη | Τρέχουσα τοποθεσία | Barcode | Αριθμός εισαγωγής | Ημερομηνία απόκτησης | Ταξιθετικό σύμβολο | Αριθμός αντιτύπου | Κατάσταση απόσυρσης | Κατάσταση χαμένου | Κατάσταση κατεστραμμένου | Μη δανεισμός | Σύνολο δανεισμών | Ημερομηνία τελευταίας εμφάνισης | Η τιμή ισχύει από |
|---|---|---|---|---|---|---|---|---|---|---|---|---|---|---|
| Books | MC Athens Campus Library | MC Athens Campus Library | 9780000011190 | 1893 | 05/06/2025 | 004.33 BUR | 1 | 05/06/2025 | 05/06/2025 |